| 000 | 00813cab a2200253 4500 | ||
|---|---|---|---|
| 001 | ABS52735 | ||
| 008 | 090401t1995 xxu||||| |||| 00| 0 eng d | ||
| 035 | _a(Sirsi) u93726 | ||
| 041 | _aeng | ||
| 100 | _aBennett, J. | ||
| 245 | 4 | _aThe UK offshore survey industry: a rapidly changing scenario | |
| 260 | _c1995 | ||
| 350 | _a0 | ||
| 490 |
_aCSM (Chartered Surveyor Monthly) _v4(6) April 1995, 40-41(2) |
||
| 520 | _aAn account of changing technology in offshore surveying, restructuring of surveying companies and the oil companies and new trends in contracting. | ||
| 650 | _aDIFFERENTIAL GLOBAL POSITIONING SYSTEMS | ||
| 650 | _aFUGRO | ||
| 650 | _aOFFSHORE SURVEYING | ||
| 650 | _aOIL INDUSTRY | ||
| 650 | _aSURVEYING FIRMS | ||
| 690 | _aLAND SURVEYING | ||
| 942 | _n0 | ||
| 948 | _c04/03/1997 | ||
| 999 |
_c59414 _d59414 |
||